Lobachevski : un espíritu indomable /

Nikolai Ivanovich Lobachevski (1792-1856), matemático ruso, nacido cerca de Nizhni Novgorod. A la edad de 20 años consiguió un puesto en la universidad de Kazan. Escribió muchas obras sobre matemática, pero su fama fundamental fue como hereje matemático. Durante veinte siglos Euclides y su sistema g...

詳細記述

保存先:
書誌詳細
第一著者: Fernández Fernández, Santiago (autor)
フォーマット: 図書
言語:スペイン語
出版事項: Madrid, España : Nivola, 2004, c2004
シリーズ:(La Matemática en sus Personajes ; 17)
主題:
タグ: タグ追加
タグなし, このレコードへの初めてのタグを付けませんか!

MARC

LEADER 00000nam^a2200000^a^4500
001 000181345
005 20250521000000.0
009 20260310101929.394
020 |a 84-95599-69-4 
037 |a Acervo ITESO - Biblioteca 
041 |a ESP 
082 |a 510. 9  |b MAT V. 17 
100 |a Fernández Fernández, Santiago  |e (autor) 
245 1 0 |a Lobachevski :  |b un espíritu indomable /  |c S. Fernández Fernández. 
264 4 |a Madrid, España :  |b Nivola,  |c 2004, c2004 
300 |a 238 p. 
336 |a texto  |b txt  |2 rdacontenido 
337 |a sin mediación  |b n  |2 rdamedio 
338 |a volumen  |b nc  |2 rdasoporte 
440 3 |a (La Matemática en sus Personajes ;  |v 17) 
520 |a Nikolai Ivanovich Lobachevski (1792-1856), matemático ruso, nacido cerca de Nizhni Novgorod. A la edad de 20 años consiguió un puesto en la universidad de Kazan. Escribió muchas obras sobre matemática, pero su fama fundamental fue como hereje matemático. Durante veinte siglos Euclides y su sistema geométrico habían permanecido inalterables. Estaban completamente admitidos por los geómetras. Sin embargo había en Euclides una pequeña imperfección que adquiría forma en su quinto axioma, el de las rectas paralelas. Lovachevski dio un paso gigantesco al preguntarse si dicho axioma era completamente imprescindible para construir la geometría. Así desarrolló una nueva geometría, denominada no euclideana, partiendo de que por un punto no contenido en una recta pueden trazarse al menos dos rectas paralelas a la recta dada. Publicó sus ideas en 1829. Junto a Lovachevski trabajaron en el desarrollo de estas nuevas geometrías no euclideanas, Bolyai, Gauss y Rieman. Tres cuartos de siglo después, Einstein pudo demostrar que la estructura del universo no era euclideana y que los conceptos teóricos propuestos por Lovachevski tenían una aplicación muy práctica. La recompensa obtenida por Lovachevski por su herejía, fue el despido de su puesto de trabajo. 
649 |a XX 
650 |a Matemáticos Rusos -  |x Biografías 
650 |a Geometría No Euclidiana -  |x Historia 
650 |a Matemáticas -  |x Historia -  |y Siglo XIX 
650 |a Lobachevski, Nikolai Ivanovich 
910 |a Fondo General 
920 |a Impresos - Libros 
930 |a Colección General 
905 |a 101 
901 |a 0500121236  |b IT1  |c ACC  |u 20250521 
902 |a https://opac.biblio.iteso.mx/vufind/Record/000181345